000 00473nam a2200157 i 4500
001 31062
003 ES-MaACL
007 t|
008 030128s1945 ag ||||1| spa d
100 1 _aBelloso, Rogelio A.
_927273
245 1 0 _aProlapso genital
_b: (estudio completo) /
_cRogelio A. Belloso.
250 _a2ª ed corr. y aum.
260 _aBuenos Aires :
_bEdit. Médico-quirúrgica,
_c1945.
300 _a125 p. :
_bil. ;
_c25 cm.
852 _aES-MaACL
_jE-345
_bR.22070
999 _c31062
_d31062